000 00840cam a22002171 4500
001 85780
003 BD-RjUL
005 20251006102257.0
008 050317s1889 enk 000 0 eng
035 _a(BD-RjUL) 85780
040 _aDLC
_cDLC
_dDLC
_beng
041 _aeng
082 _223
_a823
_bHAE 1889
110 2 _aCatholic Church.
_bLiturgy and ritual. Psalter (Canterbury psalter)
_917034
245 1 0 _aEadwine's Canterbury psalter,/
_cedited, with introd. and notes, from the ms. in Trinity College, Cambridge, by Fred Harsley. Pt. 2. Text and notes.
260 _aLondon :
_bPublished for the Early English Text Society by N. Trübner,
_c1889.
300 _aviii, 269 p.
_c22 cm.
490 1 _aEarly English Text Society. [Publications] Original series, no. 92
700 1 _aHarsley, Fred,
_d1862-
_eed.
_917035
942 _2ddc
_cBK
999 _c85780
_d85780